| 000 | 00797nam a2200169 4500 | ||
|---|---|---|---|
| 008 | 020423s1988 enk en gO | ||
| 090 |
_a213 _bEv6 |
||
| 245 | 1 | 0 |
_aThe Evolution conspiracy [videorecording] : _ba quantum leap into the New Age / _c[produced by] Jeremiah Films. |
| 260 |
_aStanford, CT : _bJeremiah Films, _c1988. . |
||
| 300 |
_a2 videocassettes (48 mins.) : _bsd., col. |
||
| 500 | _aSummary: This documentary presents the creation-evolution debate and unmasks the fraudalent cover-ups, the wild speculations and deceitful myths of evolution. | ||
| 500 | _aVHS [original], Beta [1st copy] | ||
| 650 | 4 |
_aCreation _xBiblical teaching. |
|
| 650 | 4 |
_aEvolution _xReligious aspects _xChristianity. |
|
| 710 | 2 | 2 | _aJeremiah Films. |
| 951 |
_pV-679 _o213/Ev6-2 _j070613111059000 _d2000-12-21 _cVT |
||
| 999 |
_c7313 _d7313 |
||